| 000 | 03845nam a2200301 4500 | ||
|---|---|---|---|
| 003 | EC-UNACH | ||
| 005 | 20251126175212.0 | ||
| 006 | s||||gr|||| 00| 00 | ||
| 008 | 150116t9999 mx r gr 000 0 spa d | ||
| 020 | _a978-9942-22-019-6 | ||
| 040 |
_aEC-UNACH _cEC-UNACH |
||
| 041 | _aspa | ||
| 082 | 0 | 4 |
_223 _a630.2 _bL018395 |
| 110 | _a Ministerio de Agricultura, Ganadería Acuacultura y Pesca | ||
| 245 | _aLa política agropecuaria ecuatoriana hacia el desarrollo territorial rural sostenible 2015- 2025 | ||
| 250 | _aPrimera Parte | ||
| 264 |
_aEcuador _b Ministerio de Agricultura, Ganadería Acuacultura y Pesca _c2016 |
||
| 300 | _a480 | ||
| 505 | _aCapítulo 1. El desafío de insertar la economía agraria ecuatoriana en el contexto internacional - - 1.1. Tendencias del sector agrícola a nivel mundial- -1.2. Tendencias de la política agropecuaria a nivel regional - - 1.3. Oportunidades y amenazas para el sector agropecuario ecuatoriano en el escenario internacional - - 1.4. La política pública agropecuaria ecuatoriana en el marco de la política económica y sectorial: 1964-2014 - - 1.5. La política agropecuaria en el marco actual del sistema de política pública Capítulo 2. Importancia del sector agropecuario en la economía ecuatoriana, panorama reciente (siglo XXI)- - 2.1. La producción agrícola como consumo intermedio - -2.2. Aporte de la agricultura a la generación de empleo- - 2.3. Aporte del sector agropecuario al comercio exterior - - -2.4. Contribución de la agricultura al valor agregado bruto (VAB) nacional según tipo de agricultura: pequeña, mediana y empresarial - -2.5. Contribución del sector agropecuario a la reproducción social de la población (seguridad alimentaria) Capítulo 3-- Desafíos para definir una política agropecuaria transformadora en Ecuador- - 3.1. Profundizar en la atención a los problemas estructurales del sector agropecuario ecuatoriano - - 3.2. Considerar la marcada heterogeneidad territorial en la producción agropecuaria - - 3.3. Afrontar el conflicto de uso de la tierra (aptitud y uso actual por zonas de planificación) - -3.4. Aprovechar el potencial agrícola del Ecuador. Zonificación agroproductiva - -3.5. Los nuevos dilemas del sector agropecuario - - 3.6. La agricultura frente a los retos de la balanza alimentaria del Ecuador- - 3.7. Atender las necesidades de financiamiento adicional para el sector agropecuario- - 3.8. Confrontar y aprovechar el contexto internacional y sus implicaciones para el desarrollo del sector agropecuario - - 3.9. Síntesis: retos de una política agropecuaria transformadora (incentivos y rentabilidad) Capítulo 4. Prioridades de políticas para el desarrollo rural sostenible en Ecuador: perspectivas hacia 2025 - - 4.1 Objetivos estratégicos de la política agropecuaria ecuatoriana - -4.2. Lineamientos para una nueva visión de la agricultura en Ecuador - -4.3. Prioridades de política nacional, direccionamiento estratégico. Rupturas Capítulo 5. Procesos estratégicos para mejorar la gobernanza y la aplicación de las políticas: 2015-2025- -5.1. Pre-requisitos para poner en marcha la política - -5.2. Fortalecimiento de la institucionalidad pública y privada en la agricultura - - 5.3. Actores públicos clave involucrados en la política agropecuaria - -5.4. Las atribuciones y capacidades de los gobiernos autónomos descentralizados, GAD - - 5.5. Seguimiento, monitoreo y evaluación de los resultados, efectos e impactos de la aplicación de la política y sus programas | ||
| 650 | _aTENDENCIAS DEL SECTOR AGRÍCOLA | ||
| 650 | _aSECTOR AGROPECUARIO | ||
| 650 | _aPOTENCIAL AGRÍCOLA DEL ECUADOR | ||
| 700 | _aJavier Ponce Cevallos | ||
| 942 |
_2ddc _c1 |
||
| 999 | _c14227 | ||